| 000 | 00640nam a2200217Ia 4500 | ||
|---|---|---|---|
| 005 | 20240207111803.0 | ||
| 008 | 131103s9999 xx 000 0 und d | ||
| 020 | _cRs.25 | ||
| 040 | _aLoreto College | ||
| 041 | _aEnglish | ||
| 082 |
_a342.973 _bKUR |
||
| 245 | 4 |
_aThe Supreme court and judicial fuction _cedited by Philip B.Kurland |
|
| 260 |
_aNew Delhi _bOxford & IBH Publishing _c1960 (1977 oerinting) |
||
| 300 | _ax,287 p. | ||
| 630 | _aConstitutional and Admistrative Law | ||
| 650 | _aUnited States - Constitutional Law | ||
| 651 | _aConstitution | ||
| 700 | _aKurland - Philip B.,ed. | ||
| 850 | _aLCLIB | ||
| 942 | _cBK | ||
| 999 |
_c12387 _d62866 |
||